00386nam a22000977a 4500008004100000050002700041100002000068245013200088260005400220300001400274210118b xxu||||| |||| 00| 0 eng d aGMB0198b.S53 2019 c.1 aSiabei Roselyne aInfluence of mobile-based lending on the financial performance of microfinance banks in Nairobi county, Kenya.cRoselyne Siabei aKabarak, Nakuru, KenyabKabarak University c2019 a71 leaves